[Event "Tuapse Amaks Resort op"]
[Site "Tuapse"]
[Date "2021.09.04"]
[Round "6"]
[White "Petrov, Nikita"]
[Black "Tsvetkov, Andrey V"]
[Result "1/2-1/2"]
[WhiteElo "2555"]
[BlackElo "2131"]
[PlyCount "101"]
[EventDate "2021.08.30"]
[EventType "swiss"]
[EventRounds "9"]
[EventCountry "RUS"]
[SourceTitle "CBM 204 Extra"]
[Source "ChessBase"]
[SourceDate "2021.11.30"]
[SourceVersion "1"]
[SourceVersionDate "2021.11.30"]
[SourceQuality "1"]

1. c4 e6 2. Nf3 d5 3. g3 c6 4. b3 Nf6 5. Bb2 Be7 6. Bg2 0-0 7. 0-0 b6 8. e3 Bb7 9. Nc3 Nbd7 10. Qe2 c5 11. cxd5 Nxd5 12. Nxd5 Bxd5 13. e4 Bb7 14. Rfd1 Qc7 15. d4 Rad8 16. d5 exd5 17. exd5 Bf6 18. Nh4 Rfe8 19. Qd2 g6 20. Nf5 Bxb2 21. d6 Qb8 22. Ne7+ Kg7 23. Qxb2+ f6 24. Bxb7 Qxb7 25. Rd5 Nb8 26. Rad1 Nc6 27. Nxc6 Qxc6 28. d7 Re7 29. Qd2 Qe6 30. h4 h5 31. a4 Qg4 32. Rd6 Re2 33. Qd3 Re7 34. a5 bxa5 35. Qb5 Qb4 36. Qc6 Qxb3 37. Qc7 Rdxd7 38. Qxd7 Rxd7 39. Rxd7+ Kh6 40. Re1 g5 41. hxg5+ Kxg5 42. Rc7 Qc3 43. Re3 Qc1+ 44. Kg2 Qc4 45. Rxa7 Qd5+ 46. Kg1 a4 47. Ra3 Qd1+ 48. Kg2 Qd5+ 49. Kg1 Qd1+ 50. Kg2 Qd5+ 51. Kg1 1/2-1/2

[Event "Sochi ChessAmateur op10"]
[Site "Sochi"]
[Date "2018.10.15"]
[Round "5"]
[White "Tsvetkov, Andrey V"]
[Black "Yandarbiev, Ruslan"]
[Result "0-1"]
[WhiteElo "2122"]
[BlackElo "2316"]
[PlyCount "78"]
[EventDate "2018.10.12"]
[EventType "swiss"]
[EventRounds "9"]
[EventCountry "RUS"]
[SourceTitle "CBM 187 Extra"]
[Source "ChessBase"]
[SourceDate "2018.11.04"]
[SourceVersion "1"]
[SourceVersionDate "2018.11.04"]
[SourceQuality "1"]

1. d4 Nf6 2. c4 g6 3. Nc3 Bg7 4. e4 d6 5. Nf3 0-0 6. Be2 Nbd7 7. 0-0 e5 8. Be3 c6 9. d5 c5 10. a3 Ng4 11. Bg5 f6 12. Bd2 Nh6 13. Qc1 Nf7 14. Qc2 Nb8 15. Bd3 Na6 16. Rab1 Bg4 17. Ne1 Bh6 18. f3 Bd7 19. g4 Kg7 20. Bxh6+ Nxh6 21. Qg2 Nf7 22. Nc2 Rh8 23. Kh1 h5 24. gxh5 Rxh5 25. Rg1 Ng5 26. Ne2 Qe7 27. f4 exf4 28. Nxf4 Rh6 29. Nxg6 Rxg6 30. e5 dxe5 31. Bxg6 Kxg6 32. Ne3 Rh8 33. Rbf1 Nc7 34. Qc2+ e4 35. Rf4 Qe5 36. Rgf1 Ne8 37. Ng4 Bxg4 38. Rxg4 f5 39. Rg3 Qxg3 0-1

[Event "Sochi ChessAmateur op10"]
[Site "Sochi"]
[Date "2018.10.13"]
[Round "3"]
[White "Tsvetkov, Andrey V"]
[Black "Shalygin, Andreij"]
[Result "1-0"]
[WhiteElo "2122"]
[BlackElo "2311"]
[PlyCount "55"]
[EventDate "2018.10.12"]
[EventType "swiss"]
[EventRounds "9"]
[EventCountry "RUS"]
[SourceTitle "CBM 187 Extra"]
[Source "ChessBase"]
[SourceDate "2018.11.04"]
[SourceVersion "1"]
[SourceVersionDate "2018.11.04"]
[SourceQuality "1"]

1. d4 Nf6 2. c4 c6 3. Nc3 d5 4. Nf3 dxc4 5. a4 Bg4 6. e3 e6 7. Bxc4 Bb4 8. 0-0 Nbd7 9. Re1 0-0 10. Bd2 a5 11. Ne2 Bd6 12. Ng3 e5 13. h3 Bxf3 14. Qxf3 exd4 15. exd4 Nb6 16. Bb3 Bxg3 17. Qxg3 Re8 18. Rxe8+ Nxe8 19. Re1 Nf6 20. Bh6 g6 21. Qe5 Nbd7 22. Bxf7+ Kh8 23. Qe7 Nb6 24. Bb3 Qxe7 25. Rxe7 Nfd5 26. Bg7+ Kg8 27. Rxb7 Rc8 28. Be5 1-0

[Event "Voronezh op-B 20th"]
[Site "Voronezh"]
[Date "2016.06.21"]
[Round "9"]
[White "Tsvetkov, Andrey V"]
[Black "Makarenko, Aleksandr"]
[Result "1-0"]
[WhiteElo "2095"]
[BlackElo "2026"]
[PlyCount "69"]
[EventDate "2016.06.12"]
[EventType "swiss"]
[EventRounds "9"]
[EventCountry "RUS"]
[SourceTitle "EXT 2017"]
[Source "ChessBase"]
[SourceDate "2016.10.25"]
[SourceVersion "1"]
[SourceVersionDate "2016.10.25"]
[SourceQuality "1"]

1. d4 Nf6 2. c4 c5 3. d5 e5 4. Nc3 d6 5. e4 Be7 6. Be2 0-0 7. h3 Ne8 8. Nf3 g6 9. Bh6 Ng7 10. g4 Na6 11. Rg1 Nc7 12. Qd2 a6 13. 0-0-0 f6 14. Kb1 b5 15. cxb5 axb5 16. Nxb5 Nxb5 17. Bxb5 Ba6 18. Bxa6 Rxa6 19. Qd3 Qa8 20. a3 Rb8 21. Ka2 Ne8 22. Nd2 Nc7 23. Nc4 Nb5 24. Be3 Bd8 25. Rc1 Ba5 26. g5 fxg5 27. Rxg5 Bb4 28. Rg3 Qb7 29. Qb3 Qa7 30. Qxb4 Nxa3 31. Qxb8+ Qxb8 32. bxa3 Qb5 33. Bh6 Ra4 34. Rb3 Qa6 35. Rf3 1-0

[Event "Voronezh op-B 20th"]
[Site "Voronezh"]
[Date "2016.06.19"]
[Round "7"]
[White "Tsvetkov, Andrey V"]
[Black "Fedotov, Alexey"]
[Result "1-0"]
[WhiteElo "2095"]
[BlackElo "2051"]
[PlyCount "129"]
[EventDate "2016.06.12"]
[EventType "swiss"]
[EventRounds "9"]
[EventCountry "RUS"]
[SourceTitle "EXT 2017"]
[Source "ChessBase"]
[SourceDate "2016.10.25"]
[SourceVersion "1"]
[SourceVersionDate "2016.10.25"]
[SourceQuality "1"]

1. d4 d5 2. c4 c6 3. Nf3 Nf6 4. Nc3 e6 5. e3 Nbd7 6. Bd3 dxc4 7. Bxc4 b5 8. Bd3 Bb7 9. 0-0 a6 10. e4 c5 11. d5 Qc7 12. dxe6 fxe6 13. Ng5 Qc6 14. Bc2 h6 15. Nf3 0-0-0 16. Qe2 Bd6 17. Re1 g5 18. a4 b4 19. Nd1 Ne5 20. Ne3 Qc7 21. Nc4 Nxf3+ 22. Qxf3 Bxh2+ 23. Kh1 Bf4 24. Bxf4 gxf4 25. Qh3 Qe7 26. e5 Nd5 27. Nd6+ Kb8 28. Be4 Rxd6 29. exd6 Qxd6 30. Rad1 h5 31. Qh4 Rg8 32. Bf3 Ka7 33. Qh3 Rg6 34. Qxh5 Rf6 35. Kg1 a5 36. Qe5 Qf8 37. Bxd5 exd5 38. Qe7 Qxe7 39. Rxe7 Kb6 40. Rde1 c4 41. R1e6+ Rxe6 42. Rxe6+ Kc5 43. g4 fxg3 44. fxg3 c3 45. bxc3 bxc3 46. Kf2 c2 47. Re1 d4 48. Ke2 Be4 49. Kd2 Bg6 50. Re6 Bh7 51. Re7 Bg6 52. Rg7 Be4 53. Re7 Bg6 54. g4 Kb4 55. g5 Kxa4 56. Rb7 Ka3 57. Rb6 Bf7 58. g6 Bxg6 59. Rxg6 d3 60. Rb6 a4 61. Kc1 Ka2 62. Rd6 Ka1 63. Rxd3 Ka2 64. Kxc2 a3 65. Re3 1-0

[Event "Elista-ch"]
[Site "Elista"]
[Date "2014.01.06"]
[Round "8"]
[White "Tsvetkov, Andrey V"]
[Black "Nasunov, Mikhail"]
[Result "1-0"]
[WhiteElo "2108"]
[BlackElo "2200"]
[PlyCount "39"]
[EventDate "2014.01.03"]
[EventType "swiss"]
[EventRounds "9"]
[EventCountry "RUS"]
[SourceTitle "CBM 158 Extra"]
[Source "ChessBase"]
[SourceDate "2014.02.28"]
[SourceVersion "1"]
[SourceVersionDate "2014.02.28"]
[SourceQuality "1"]

1. d4 Nf6 2. c4 g6 3. Nc3 Bg7 4. e4 d6 5. Nf3 0-0 6. Be2 c5 7. 0-0 Bg4 8. Be3 Bxf3 9. Bxf3 cxd4 10. Bxd4 Nc6 11. Be3 Qa5 12. Rc1 Rfc8 13. Be2 Nd7 14. a3 Nc5 15. Bg4 Rd8 16. Bd2 Nd3 17. Nb5 Nxb2 18. Bxa5 Nxd1 19. Bxd8 Nxf2 20. Bc7 1-0

[Event "Elista-ch"]
[Site "Elista"]
[Date "2014.01.05"]
[Round "5"]
[White "Tsvetkov, Andrey V"]
[Black "Indzhiev, Aldar"]
[Result "1/2-1/2"]
[WhiteElo "2108"]
[BlackElo "1664"]
[PlyCount "64"]
[EventDate "2014.01.03"]
[EventType "swiss"]
[EventRounds "9"]
[EventCountry "RUS"]
[SourceTitle "CBM 158 Extra"]
[Source "ChessBase"]
[SourceDate "2014.02.28"]
[SourceVersion "1"]
[SourceVersionDate "2014.02.28"]
[SourceQuality "1"]

1. d4 d5 2. c4 c6 3. Nf3 Nf6 4. Nc3 e6 5. e3 Nbd7 6. Bd3 Be7 7. e4 dxc4 8. Bxc4 b5 9. Bd3 Bb7 10. 0-0 a6 11. Re1 c5 12. d5 e5 13. b3 0-0 14. a4 c4 15. bxc4 b4 16. Nb1 Qc7 17. Bb2 Bd6 18. Nbd2 Nc5 19. Nb3 Nfd7 20. Nxc5 Nxc5 21. Bf1 a5 22. Nd2 Bc8 23. Nb3 Bd7 24. Nxc5 Qxc5 25. Bc1 Qc7 26. Be3 Rfc8 27. Qb3 Bc5 28. Be2 Qd6 29. Rec1 Rab8 30. Bd1 Rb6 31. Rab1 Rb7 32. Qd3 Rbc7 1/2-1/2

[Event "South FR-ch"]
[Site "Armavir"]
[Date "2012.03.??"]
[Round "1"]
[White "Kotenko, Pavel"]
[Black "Tsvetkov, Andrey V"]
[Result "1-0"]
[WhiteElo "2403"]
[BlackElo "2048"]
[PlyCount "77"]
[EventDate "2012.03.11"]
[EventType "swiss"]
[EventRounds "9"]
[EventCountry "RUS"]
[SourceTitle "EXT 2023"]
[Source "ChessBase"]
[SourceDate "2022.10.05"]
[SourceVersion "1"]
[SourceVersionDate "2022.10.05"]
[SourceQuality "1"]

1. e4 c5 2. Nf3 Nc6 3. d4 cxd4 4. Nxd4 Nf6 5. Nc3 e5 6. Ndb5 d6 7. Bg5 a6 8. Na3 b5 9. Bxf6 gxf6 10. Nd5 Bg7 11. Bd3 Ne7 12. Nxe7 Qxe7 13. 0-0 f5 14. c4 fxe4 15. Bxe4 Rb8 16. Qd3 Bd7 17. Rad1 Rb6 18. Qe3 Rb8 19. Qd2 f5 20. Bf3 Be6 21. Bh5+ Kd7 22. cxb5 axb5 23. Be2 Bxa2 24. Nxb5 Bb3 25. Nxd6 Ke6 26. Bc4+ Bxc4 27. Nxc4 Rhd8 28. Qe2 Qc5 29. Ra1 e4 30. Ra6+ Kf7 31. Ra5 Qc8 32. Ne3 Rxb2 33. Qh5+ Kg8 34. Nxf5 Rb7 35. Qh4 Kh8 36. Qxe4 Bc3 37. Ra3 Rb4 38. Qe7 Re8 39. Rxc3 1-0

[Event "South FR-ch"]
[Site "Armavir"]
[Date "2012.03.??"]
[Round "5"]
[White "Makarkin, Zhan"]
[Black "Tsvetkov, Andrey V"]
[Result "0-1"]
[WhiteElo "2122"]
[BlackElo "2048"]
[PlyCount "34"]
[EventDate "2012.03.11"]
[EventType "swiss"]
[EventRounds "9"]
[EventCountry "RUS"]
[SourceTitle "EXT 2023"]
[Source "ChessBase"]
[SourceDate "2022.10.05"]
[SourceVersion "1"]
[SourceVersionDate "2022.10.05"]
[SourceQuality "1"]

1. e4 d6 2. d4 Nf6 3. f3 g6 4. Be3 c6 5. Qd2 b5 6. a4 bxa4 7. Rxa4 Nbd7 8. Nc3 Bg7 9. Be2 0-0 10. Bh6 e5 11. Bxg7 Kxg7 12. g4 Qe7 13. Nh3 Nb6 14. Ra1 d5 15. exd5 exd4 16. Qxd4 c5 17. d6 Qxe2+ 0-1

[Event "South FR-ch"]
[Site "Armavir"]
[Date "2012.03.??"]
[Round "7"]
[White "Vastrukhin, Oleg"]
[Black "Tsvetkov, Andrey V"]
[Result "1-0"]
[WhiteElo "2343"]
[BlackElo "2048"]
[PlyCount "75"]
[EventDate "2012.03.11"]
[EventType "swiss"]
[EventRounds "9"]
[EventCountry "RUS"]
[SourceTitle "EXT 2023"]
[Source "ChessBase"]
[SourceDate "2022.10.05"]
[SourceVersion "1"]
[SourceVersionDate "2022.10.05"]
[SourceQuality "1"]

1. Nf3 Nf6 2. d4 c5 3. c3 e6 4. g3 d5 5. Bg2 Nc6 6. 0-0 Be7 7. a3 0-0 8. dxc5 Bxc5 9. b4 Bd6 10. Bb2 e5 11. c4 dxc4 12. Nbd2 Qe7 13. Nxc4 Bc7 14. b5 Rd8 15. Qa4 Nd4 16. Ncxe5 Nxf3+ 17. exf3 Bxe5 18. Rae1 Nd7 19. Bxe5 Nxe5 20. f4 f6 21. fxe5 fxe5 22. Re3 Qf6 23. Qc4+ Kh8 24. Qc7 Be6 25. Qxe5 Bc4 26. Qxf6 gxf6 27. Rb1 Bd5 28. Re7 Bxg2 29. Kxg2 Rd3 30. Rxb7 Rxa3 31. Rb4 Re8 32. Rh4 Re5 33. Rhxh7+ Kg8 34. Rhg7+ Kf8 35. Rgf7+ Kg8 36. Rxf6 Ra2 37. Ra6 Rxb5 38. Raxa7 1-0

[Event "Volgograd Region-ch"]
[Site "Volgograd"]
[Date "2010.03.03"]
[Round "4"]
[White "Drujinin, Dmitry"]
[Black "Tsvetkov, Andrey V"]
[Result "0-1"]
[WhiteElo "2019"]
[BlackElo "2019"]
[PlyCount "68"]
[EventDate "2010.02.28"]
[EventType "swiss"]
[EventRounds "9"]
[EventCountry "RUS"]
[SourceTitle "EXT 2012"]
[Source "ChessBase"]
[SourceDate "2011.11.24"]
[SourceVersion "1"]
[SourceVersionDate "2011.11.24"]
[SourceQuality "1"]

1. e4 d6 2. d4 Nf6 3. Nc3 g6 4. Bg5 Bg7 5. h3 h6 6. Be3 0-0 7. Qd2 Kh7 8. Nf3 c6 9. Bc4 Nbd7 10. 0-0-0 b5 11. Bd3 Nb6 12. e5 Nfd5 13. Ne4 Nxe3 14. fxe3 a5 15. Rhf1 Kg8 16. g4 Be6 17. Kb1 Nc4 18. Bxc4 Bxc4 19. Rg1 Qc7 20. exd6 exd6 21. Qh2 Rad8 22. g5 h5 23. Qf4 Qe7 24. Nf6+ Kh8 25. b3 Be6 26. Nh4 d5 27. Qf3 a4 28. Nxh5 axb3 29. cxb3 gxh5 30. Qxh5+ Kg8 31. g6 fxg6 32. Nxg6 Qf7 33. Rgf1 Qd7 34. Qh4 Bf5+ 0-1

[Event "Volgograd Region-ch"]
[Site "Volgograd"]
[Date "2010.03.02"]
[Round "3"]
[White "Tsvetkov, Andrey V"]
[Black "Dudko, Vladimir"]
[Result "1-0"]
[WhiteElo "2019"]
[BlackElo "2029"]
[PlyCount "91"]
[EventDate "2010.02.28"]
[EventType "swiss"]
[EventRounds "9"]
[EventCountry "RUS"]
[SourceTitle "EXT 2012"]
[Source "ChessBase"]
[SourceDate "2011.11.24"]
[SourceVersion "1"]
[SourceVersionDate "2011.11.24"]
[SourceQuality "1"]

1. c4 e5 2. Nc3 Nf6 3. d3 d5 4. cxd5 Nxd5 5. e4 Nxc3 6. bxc3 c5 7. Be2 Nc6 8. Nf3 Be7 9. 0-0 h6 10. Be3 Bg4 11. h3 Bxf3 12. Bxf3 Qd6 13. Qb3 b6 14. Rad1 0-0 15. Bg4 Bg5 16. Rfe1 Rad8 17. Qc2 g6 18. Qd2 Bxe3 19. Qxe3 f5 20. exf5 gxf5 21. Bf3 Rde8 22. Bxc6 Qxc6 23. Qg3+ Kh7 24. Rxe5 Qf6 25. f4 Rg8 26. Qe3 Rg7 27. Rd2 Reg8 28. Kh2 Qh4 29. Re2 Rg3 30. Re7+ R3g7 31. Rxg7+ Rxg7 32. d4 cxd4 33. cxd4 Qf6 34. Qe5 Qg6 35. d5 Qg3+ 36. Kh1 Qd3 37. d6 Rd7 38. Qe6 Rg7 39. Qe5 Qb1+ 40. Kh2 Qd3 41. Re3 Qc2 42. Rg3 Rxg3 43. Kxg3 Qd3+ 44. Kh2 h5 45. Qe7+ Kg6 46. d7 1-0